00509 2200169 4500001002100000005001500021035002000036007000300056008003900059082000700098084001300105100001900118245012100137260004600258650002000304990001500324INLIS00000000000988120260413125903 a0010-0426000193ta260413 | | |  a11 a11 TAU e0 aTAUPATZ GUNADI1 aEFEKTIVITAS PROSES PENYALURAN DANA BAGI HASIL DI BADAN KEUANGAN DAN ASET DAERAH KABUPATEN KATINGAN /cTAUPATZ GUNADI aPALANGKA RAYA :bPERPUSTAKAAN UMPR,c2026 4aPENYALURAN DANA a2311228719